000 01127nam a22003617a 4500
001 BR8107501
003 BR-BrBNA
005 20230928091119.0
007 ta
008 230509b bl.||||| |||| 00| 0 por d
040 _aBR-BrBNA
_bpor
_cBiblioteca Nacional de Agricultura
041 _a(Por)
072 _aE30; E15
_b/G514
090 _ E30 BR8107501
110 1 _aGoverno do Estado do Rio Grande do Sul, Porto Alegre (Brasil)
_95400
245 1 _aProjeto Integrado de Promocao de Agricultores de Baixa Renda. PRO-RENDA. v. 4 o projeto - pt. 3. Programa de producao [Rio Grande do Sul, Brasil]
260 3 _aPorto Alegre, RS (Brasil):
_c1981.
300 _a189 p.
500 _a70 tables
650 _aPROJETO DE DESENVOLVIMENTO
650 _aDESENVOLVIMENTO RURAL
650 _aDESENVOLVIMENTO AGRICOLA
650 _aPEQUENO PRODUTOR
650 _aPRODUTIVIDADE
650 _aUSO DA TERRA
650 _aPRODUCAO VEGETAL
650 _aPRODUCAO ANIMAL
650 _aESTATISTICA DE PRODUCAO
650 _aPRECO
650 _aRIO GRANDE DO SUL
909 _a202309
_bLucia
_c55
_dLucia Elande
942 _cBK
999 _c32292
_d32292